00621nam a2200181Ia 4500003000900000008004100009020001800050040001600068080001700084245014500101260004600246300001400292650004100306650002700347650001400374700002500388700002600413IN-BaIIA211028s9999 xx 000 0 eng d a0-231-06376-8 cIIA Library a524.834bCOS 0aCosmological constantsbpapers in modern cosmologycedited by Jeremy Bernstein and Gerald Feinberg  aNew YorkbColumbia University Pressc1986 aix, 328p. aAstronomy and astrophysics thesaurus aCosmological constants aCosmology aGerald Feinberg, ed. aJeremy Bernstein, ed.